000 00539nam a22001817a 4500
005 20130913112735.0
010 _aENG-107794
020 _a9789382536062
_c190.00
035 _aEN-91327
037 _bDBAD/PUB
082 _aS
100 _aGupta, Sayantan
245 _aThe unclaimed luggage and other stories /
_cby Sayantan Gupta
260 _aNew Delhi
_bLiFi Publications Pvt. Ltd.
_c2013
270 _a211, 2nd Floor, Gagandeep 12, Rajendra Place
_bNew Delhi
_e110008
300 _ax,194 p.
_c18cm(pbk)
942 _2ddc
_cEN
_mGUP
_hS
999 _c77084
_d77084